000 00563nam a2200217Ia 4500
003 0100
008 130303s9999 xx 000 0 und d
020 _a9789966080455
040 _cARRUPELIB
050 _aBX2179L8D997 2005
245 _aDynamics of the spiritual exercise
245 _bafrican perspectives
260 _aNairobi
260 _bPaulines publications africa
260 _C2005
300 _a215p.
300 _b22cm.
650 _bJesuits-Eastern Africa province-Apostolate
700 _aKiti, Christian P. (ed.)
942 _2lcc
_04
999 _c66424
_d66424